000 00686nam a2200253Ia 4500
001 dia_952
003 CHAP
005 20230118133018.0
008 220117s1999 xx 000 0 und d
010 _a171497
020 _a968856712-4
040 _cCHAP
082 _a658.4 C4
100 _aChico Aldama, Patricia
_9149594
245 _aDesarrollo Organizacional /
_c por Patricia Chico Aldama
260 _aMéxico :
_b Plaza y Valdez,
_c1999
300 _a121 p.
503 _aC/e
650 _a1.Administración de empresas
_9146960
901 _a658.4 C4
902 _aM
905 _a0000001999 MX X 0000000000SPA00
942 _cLIBRO
_2ddc
999 _c171497
_d171497